000 00485nam a2200157 a 4500
001 000030110
005 20200930060042.0
008 110429s1992 dr 000 0 spa d
040 _aDO-SdBNP
_bspa
_cBNPHU
082 _axxx
_bH819t
100 1 _aHorst, Tiwald
_956804
245 1 0 _aTeoría sobre el entrenamiento mental /
_cTiwald Horst.
260 _a[s.n] :
_bSecretaría de Estado de Deportes, Educación Física y Recreación,
_c1992.
300 _a11 p. ;
_c20 cm.
049 _aBNPD
999 _c29602
_d29602